Experimental wooden structures : (Record no. 27410)

MARC details
000 -LEADER
fixed length control field 01787cam a22002775a 4500
001 - CONTROL NUMBER
control field 19169876
003 - CONTROL NUMBER IDENTIFIER
control field EG-ScBUE
005 - DATE AND TIME OF LATEST TRANSACTION
control field 20221213101018.0
008 - FIXED-LENGTH DATA ELEMENTS--GENERAL INFORMATION
fixed length control field 160701q2015 no a f 000 0 eng d
020 ## - INTERNATIONAL STANDARD BOOK NUMBER
International Standard Book Number 9788280130976 (pbk.)
035 ## - SYSTEM CONTROL NUMBER
System control number (GyWOH)har165006066
040 ## - CATALOGING SOURCE
Original cataloging agency DLC
Language of cataloging eng
Description conventions rda
Transcribing agency DLC
Modifying agency EG-ScBUE
043 ## - GEOGRAPHIC AREA CODE
Geographic area code e-no---
082 04 - DEWEY DECIMAL CLASSIFICATION NUMBER
Classification number 727.70979461
Item number BER
Edition number 22
100 1# - MAIN ENTRY--PERSONAL NAME
Personal name Bergerud, Petter,
Relator term author.
245 10 - TITLE STATEMENT
Title Experimental wooden structures :
Remainder of title nothing, or, the greatness of the small /
Statement of responsibility, etc Petter Bergerud.
264 #1 - PUBLICATION, DISTRIBUTION, ETC. (IMPRINT)
Place of publication, distribution, etc Bergen :
Name of publisher, distributor, etc Kunst- Och Designhøgskolen,
Date of publication, distribution, etc [2015]
300 ## - PHYSICAL DESCRIPTION
Extent 347 pages :
Other physical details color illustrations ;
Dimensions 24 cm
520 ## - SUMMARY, ETC.
Summary, etc During the last decade, architect Petter Bergerud has carried out experimental and artistic workshops together with colleagues, craftsmen and a vast number of students. This book presents the structural and geometric challenges, the work processes and the final artistic results from a total of nine workshops. It opens with an introduction, Renewing Tradition, describing the material wood, its material properties and its use in a historical context. This is followed by a philosophical commentary on the meaning and value of Nothing. The last chapter is a postscript entitled Beauty Matters and Learning by Doing. Bergerud's projects are built on his philosophical, intuitive and artistic way of thinking. The synthesis of the artistic will and energy and the understanding of structural mechanics and craftsmanship have together created some impressive large-scale projects in the city of Bergen, which are beautifully described in this book.
650 #7 - SUBJECT ADDED ENTRY--TOPICAL TERM
Topical term or geographic name as entry element Art and design.
Source of heading or term BUEsh
650 #7 - SUBJECT ADDED ENTRY--TOPICAL TERM
Topical term or geographic name as entry element Building
General subdivision Research.
Source of heading or term BUEsh
651 ## - SUBJECT ADDED ENTRY--GEOGRAPHIC NAME
Source of heading or term BUEsh
653 ## - INDEX TERM--UNCONTROLLED
Resource For college Engineering, Architecture
Arrived date list April2019
655 ## - INDEX TERM--GENRE/FORM
Form subdivision Reading book
942 ## - ADDED ENTRY ELEMENTS (KOHA)
Source of classification or shelving scheme Dewey Decimal Classification
Koha item type Book - Borrowing
Holdings
Withdrawn status Lost status Source of classification or shelving scheme Damaged status Not for loan Collection code Home library Current library Shelving location Date acquired Source of acquisition Total Checkouts Full call number Barcode Date last seen Price effective from Koha item type
    Dewey Decimal Classification     unknown Central Library Central Library Second Floor 21/04/2019 Purchase   727.70979461 BER 000044619 15/07/2025 21/04/2019 Book - Borrowing